1928 1454 1442 1470 1647 1893 1215 1559 1054 1126 1397 1741 1484 1031 1184 1995 1702 1773 1867 1712 1254 1548 1563 1860 1022 1902 1099 1497 1937 1701 1269 1232 1143 1114 1247 1523 1431 1971 1176 1612 1817 1619 1156 1499 1644 1213 1894 1884 1450 1046 1826 1199 1639 1250 2000 1015 1377 1732 1749 1626 1430 1305 1285 1361 1187 1433 1977 1269 1802 1432 1383 1618 1081 1293 1581 1223 1759 1336 1718 1780 1105 1919 1845 1698 1708 1447 1577 1851 1415 1489 1062 1007 1241 1866 1040 1865 1859 1227 1971 BCNSPRNW ULIB Ver.6.0+V

เปลี่ยนเป็นภาษาไทย

Change to English
 แสดงรายละเอียดบรรณานุกรม
  กลับหน้าหลัก

Brief Record : Get Marc (ISO 2709) : E-mail record : QR code < ปิดหน้าต่าง
LEADER : 00000nam 2200000uu 4500
001    13399122127
003     ULIB
008    020711s2553 th a 000 0 tha d
020    9786165080897
099    น.ก282ช
100    กฤษณา อโศกสิน
245    ชาวกรง
260    กรุงเทพฯ :^bแสงดาว,^c2553
300    424 หน้า
945    ^p280^l0^i028092
รายการนี้ยังไม่มีแท็ก
คุณยังไม่ได้ล็อกอิน คุณสามารถมีกิจกรรมร่วมกับเว็บไซต์ได้ แต่ต้องล็อกอินก่อน ::
  ล็อกอิน

รายการสื่อสารสนเทศ

ลำดับที่ ประเภท เลขเรียก/บาร์โค้ด สถานที่ สถานะ
1. นวนิยาย
นวนิยาย
น.ก282ช  
  Barcode: 028092
ห้องสมุดวิทยาเขตสวรรค์ประชารักษ์
►นวนิยาย
บนชั้น
  ขอยืม

รายการใกล้เคียง
    ผู้แต่ง [กฤษณา อโศกสิน]

BibComment


ยังไม่เคยถูกคอมเมนท์

คอมเมนท์ทรัพยากรรายการนี้
  คอมเมนท์: ชาวกรง


 Copyright 2026. Bcnsprnw @Library